000 00958nam a22003257a 4500
001 BR8006473
003 BR-BrBNA
005 20230928090806.0
007 ta
008 230509b bl.||||| |||| 00| 0 por d
040 _aBR-BrBNA
_bpor
_cBiblioteca Nacional de Agricultura
041 _a(Por)
072 _aN20
_b4500
_b/G514
090 _ 4500 BR8006473
110 1 _aFundacao Educacional Padre Landell de Moura, Porto Alegre, RS (Brasil)
_94881
245 1 _aManual de operacao e manutencao de maquinaria agricola [Rio Grande do Sul, Brasil]
_bTelepromocao rural
260 3 _aPorto Alegre, RS (Brasil):
_c1980.
300 _a63 p.
500 _a45 illus.; 25 ref.
650 _aMAQUINA AGRICOLA
650 _aIMPLEMENTO AGRICOLA
650 _aTRATOR
650 _aARADO
650 _aADUBADEIRA
650 _aMANUTENCAO
650 _aCOMBUSTIVEL
650 _aRIO GRANDE DO SUL
909 _a202309
_bLucia
_c55
_dLucia Elande
942 _cBK
999 _c30560
_d30560